| 000 | 00399nam a2200145Ia 4500 | ||
|---|---|---|---|
| 008 | 230917s9999||||xx |||||||||||||| ||und|| | ||
| 040 |
_e75333 _aMAIN |
||
| 041 | _aEnglish | ||
| 082 | _a658.8 B327P | ||
| 100 | _aBaumol, William J | ||
| 245 | 0 | _aPerfect markets and easy virtue: Business ethics and the invisible hand | |
| 260 |
_aCambridge _bBlackwell _c1991 |
||
| 300 | _avi, 134 p. | ||
| 942 | _cBK | ||
| 999 |
_c89537 _d89537 |
||